|
|
|
|
| LEADER |
00000naa2a2200000 4500 |
| 001 |
507092 |
| 005 |
20231101103351.0 |
| 035 |
|
|
|a (RuTPU)RU\TPU\prd\178234
|
| 035 |
|
|
|a RU\TPU\tpu\5820
|
| 090 |
|
|
|a 507092
|
| 100 |
|
|
|a 20130521a1959 k y0rusy50 ca
|
| 101 |
0 |
|
|a rus
|
| 102 |
|
|
|a RU
|
| 200 |
1 |
|
|a Исследование погрузки породы и обмена вагонеток при проходке горизонтальных горных выработок
|f П. В. Акимочкин, В. Г. Лукьянов
|
| 320 |
|
|
|a Библиогр.: с. 24 (4 назв.)
|
| 461 |
|
0 |
|0 (RuTPU)RU\TPU\prd\186
|t Известия вузов. Горный журнал
|o научно-технический журнал
|d 1958-1996
|
| 463 |
|
0 |
|0 (RuTPU)RU\TPU\prd\171205
|t № 5
|v С. 18-24
|d 1959
|
| 610 |
1 |
|
|a горное дело
|
| 610 |
1 |
|
|a труды учёных ТПУ
|
| 700 |
|
1 |
|a Акимочкин
|b П. В.
|
| 701 |
|
1 |
|a Лукьянов
|b В. Г.
|c горный инженер
|c профессор Томского политехнического университета, доктор технических наук
|f 1930-
|g Виктор Григорьевич
|2 stltpush
|3 (RuTPU)RU\TPU\pers\12910
|4 070
|
| 801 |
|
0 |
|a RU
|b 63413507
|c 20011210
|g PSBO
|
| 801 |
|
2 |
|a RU
|b 63413507
|c 20130521
|g PSBO
|
| 942 |
|
|
|c BK
|